{"text_format":"1","workbook":"xlsx","n_sheets":2,"sheets":["X-348 Price Program","X-348 Spare Parts"],"not_rendered":{"charts":0,"images":1,"macros":1,"external_links":0,"defined_names":6,"comments":0,"pivot_tables":0},"unopened":[],"bounds":{"document_bytes":16777216,"sheet_cells":100000,"rows_first":2000,"rows_last":500,"rows_between":2000,"halvings":0,"cell_chars":16384,"cell_head_chars":4096},"cells_cut":0,"cells_raw":0,"read":"whole","date_system":"1900"}

{"sheet":"X-348 Price Program","index":0,"n_rows":160,"n_cols":9,"rows_kept":160,"cut":false,"hidden":false,"merged":[[1,5,1,6],[158,2,158,3]]}
["3\" Unibeam™ Component Pricing Program"]
[null,null,"Proposal Number:",null,"Date:",{"$f":"NOW()","v":"2026-06-26T10:45:45.310"}]
[null,null,"Customer:"]
[null,null,"Customer Location:"]
[null,null,"End User:"]
[null,null,"End User Location:",null,"Multiplier:",0.4]
[null,null,"Project:"]
["Quantity",null,"Part Number","Description","Unit List Price","Unit Net Price","Total Net","Unit Weight","Total Weight"]
[">0"]
["<0"]
[]
["Quantity","EA","Part Number","Description","Unit List Price","Unit Net Price","Total Net","Unit Weight","Total Weight"]
[{"$f":"SUM(A14:A39)","v":0},null,null,"Chain & Chain Attachments"]
[null,"EA","13612-0","X-348 Microloy™ Chain Assembly (Strand Length: 120\")\n",252,{"$f":"ROUND((E14*$F$6),2)","v":100.8},{"$f":"A14*F14","v":0},22.5,{"$f":"A14*H14","v":0}]
[{"$f":"SUM(A14:A14)","v":0},null,{"$f":"(A14)*10","v":0},"Feet Total Chain Length"]
[]
[null,null,"15802-0","X-348 Intermediate \"H\" Attachment Assy - Consisting of the following shipped loose parts:"]
[null,"EA","15573-0","X-348 Intermediate \"H\" Attachment [Two (2) Units Reqired]",2,{"$f":"ROUND((E18*$F$6),2)","v":0.8},{"$f":"A18*F18","v":0},0.16,{"$f":"A18*H18","v":0}]
[null,"EA","5443-0","X-348 \"M\" Filler [Two (2) Units Required]",2,{"$f":"ROUND((E19*$F$6),2)","v":0.8},{"$f":"A19*F19","v":0},0.1,0]
[null,"EA","13434-0","Bracket Bolt [Two (2) Units Required]\n",0.3,{"$f":"ROUND((E20*$F$6),2)","v":0.12},{"$f":"A20*F20","v":0},0.04,0]
[null,"EA","57212-0","Bracket Nut Two (2) Units Required]\n",0.25,{"$f":"ROUND((E21*$F$6),2)","v":0.1},{"$f":"A21*F21","v":0},0.01,0]
[]
[null,"EA","3362-0","X-348 Master Pin Assembly",25,{"$f":"ROUND((E23*$F$6),2)","v":10},{"$f":"A23*F23","v":0},0.2,0]
[]
[{"$f":"A27+A35+A31","v":0},null,null,"Power Only Half Trolley Assemblies"]
[null,null,null,"Note:  Trolley pricing is given by “half trolley”.  A pair of trolleys is required for connection to the chain.  Please remember to order the appropriate number of trolleys and hardware for you chain’s configuration.\n"]
[null,"EA","14631-0","3” Half Trolley, 2-1/2\" Drop c/w Full Complement Wheels, Seal, Inner Cap & Grease Fitting [Two (2) Units Required]\n",33,{"$f":"ROUND((E27*$F$6),2)","v":13.2},{"$f":"A27*F27","v":0},2.5,{"$f":"A27*H27","v":0}]
[{"$f":"A27","v":0},"EA","13434-0","Bracket Bolt [Two (2) Units Required]\n",0.3,{"$f":"ROUND((E28*$F$6),2)","v":0.12},{"$f":"A28*F28","v":0},0.04,{"$f":"A28*H28","v":0}]
[{"$f":"A27","v":0},"EA","57212-0","Bracket Nut [Two (2) Units Required]\n",0.25,{"$f":"ROUND((E29*$F$6),2)","v":0.1},{"$f":"A29*F29","v":0},0.01,{"$f":"A29*H29","v":0}]
[]
[null,"EA","75916-0","3” Half Trolley, 2-1/2\" Drop c/w Full Complement Wheels & Seal, LESS Inner Cap [Two (2) Units Required]\n",30,{"$f":"ROUND((E31*$F$6),2)","v":12},{"$f":"A31*F31","v":0},2.5,{"$f":"A31*H31","v":0}]
[{"$f":"A31","v":0},"EA","13434-0","Bracket Bolt [Two (2) Units Required]\n",0.3,0.12,{"$f":"A32*F32","v":0},0.04,{"$f":"A32*H32","v":0}]
[{"$f":"A31","v":0},"EA","57212-0","Bracket Nut [Two (2) Units Required]\n",0.25,0.1,{"$f":"A33*F33","v":0},0.01,{"$f":"A33*H33","v":0}]
[]
[null,"EA","69600-0","3” Half Trolley, 2-1/2\" Drop c/w Full Complement Wheels, LESS Seal, LESS Inner Cap [Two (2) Units Required]\n",27,{"$f":"ROUND((E35*$F$6),2)","v":10.8},{"$f":"A35*F35","v":0},2.5,{"$f":"A35*H35","v":0}]
[{"$f":"A35","v":0},"EA","13434-0","Bracket Bolt [Two (2) Units Required]\n",0.3,{"$f":"ROUND((E36*$F$6),2)","v":0.12},{"$f":"A36*F36","v":0},0.04,{"$f":"A36*H36","v":0}]
[{"$f":"A35","v":0},"EA","57212-0","Bracket Nut [Two (2) Units Required]\n",0.25,{"$f":"ROUND((E37*$F$6),2)","v":0.1},{"$f":"A37*F37","v":0},0.01,{"$f":"A37*H37","v":0}]
[{"$f":"A39","v":0}]
[null,"EA","BA3.11","Assemble Trolleys to Chain  (Add per Trolley Pair)",6.25,2.5,{"$f":"A39*F39","v":0}]
[]
[null,null,null,"Trolley Wheels and Inner Caps"]
[null,"EA","16011-0","3\" FBC Wheel Convex Face, 3/8\" Bore, Labyrinth Seals",25,{"$f":"ROUND((E42*$F$6),2)","v":10},{"$f":"A42*F42","v":0},0.6,{"$f":"A42*H42","v":0}]
[null,"EA","16014-0","3\" FBC Wheel Convex Face, 3/8\" Bore, LESS Labyrinth Seals",20,8,0,0.56000000000000005,0]
[null,"EA","5189-0","3\" Trolley Wheel Inner Cap",1.87,0.75,0,0.04,0]
[null,"EA","15930-0","3\" Trolley Wheel Inner Cap C/W Grease Fitting",3.8,1.52,0,0.06,0]
[{"$f":"A47","v":{"$error":"#REF!"}}]
[{"$f":"SUM(A48:A68)","v":{"$error":"#REF!"}},null,null,"Trolley Attachments & Hardware "]
[null,"EA","4194-0","\"I\" Attachment",2.5,1,{"$f":"A48*F48","v":0},0.25,{"$f":"A48*H48","v":0}]
[null,"EA","4193-0","\"C\" Attachment",19,{"$f":"ROUND((E49*$F$6),2)","v":7.6},{"$f":"A49*F49","v":0},0.44,{"$f":"A49*H49","v":0}]
[]
[null,"EA","4195-0","\"H\" Attachment (Priced in Pairs)",6,2.4,{"$f":"A51*F51","v":0},0.54,{"$f":"A51*H51","v":0}]
[null,"EA","9117-0","X-348 \"H\" Attachment Clevis Pin, Ships Loose",7.25,2.9,{"$f":"A52*F52","v":0},2.5000000000000001E-2,{"$f":"A52*H52","v":0}]
[null,"EA","57087-0","1/2\" Flat Washer, Ships Loose",0.25,0.1,{"$f":"A53*F53","v":0},0.01,{"$f":"A53*H53","v":0}]
[null,"EA","300111-0"," Rue Ring Cotter for ½” Diameter Pin, Ships Loose",1,0.4,{"$f":"A54*F54","v":0},0.01,{"$f":"A54*H54","v":0}]
[{"$f":"#REF!","v":{"$error":"#REF!"}}]
[null,"EA","4196-0","“B” Attachment, Ships Loose [One (1) Unit Required]\n",19,7.6,{"$f":"A56*F56","v":0},0.44,{"$f":"A56*H56","v":0}]
[{"$f":"A56","v":0},"EA","56550-0","Nut, Ships Loose [One (1) Unit Required]",1.25,0.5,{"$f":"A57*F57","v":0},0.06,{"$f":"A57*H57","v":0}]
[{"$f":"A56","v":0},"EA","56065-0","Cotter Pin, Ships Loose [One (1) Unit Required]",0.15,0.06,{"$f":"A58*F58","v":0},0.01,{"$f":"A58*H58","v":0}]
[]
[{"$f":"#REF!","v":{"$error":"#REF!"}},null,null,"X-348 Load Bar & Hardware - Consisting of the following shipped loose parts:"]
[null,"EA","4199-0","X-348 Load Bar, Ships Loose [One (1)  Unit Required]\n",112,44.8,{"$f":"A61*F61","v":0},3,{"$f":"A61*H61","v":0}]
[{"$f":"A61*2","v":0},"EA","4196-0","“B” Attachment, Ships Loose [Two (2) Units Required]\n",19,7.6,0,0.44,0]
[{"$f":"A61*2","v":0},"EA","5867-0","Spherical Washer, Ships Loose [Two (2) Units Required]\n",5.25,2.1,0,0.35,0]
[{"$f":"A61*2","v":0},"EA","8443-0","Tube Spacer, Ships Loose [Two (2) Units Required]\n",4,1.6,0,0.06,0]
[{"$f":"A61*2","v":0},"EA","56550-0","Nut, Ships Loose [Two (2) Units Required]",1.25,0.5,0,0.06,0]
[{"$f":"A61*2","v":0},"EA","56065-0","Cotter Pin, Ships Loose [Two (2) Units Required]",0.15,0.06,0,0.01,0]
[]
[null,"EA","BA3.12","Assemble Load Bar to Chain  (Add per Load Bar)",29,11.6,{"$f":"A68*F68","v":0},null,{"$f":"A68*H68","v":0}]
[{"$f":"A70","v":0}]
[{"$f":"SUM(A71:A73)","v":0},null,null,"Swivel Hooks "]
[null,"EA","252099-0","Non-Indexing Swivel Hook Assembly\nConsisting of the Following:\n(1) 16610 Hook\n(1) 10554 Shank",33,13.2,{"$f":"A71*F71","v":0},1.4,{"$f":"A71*H71","v":0}]
[null,"EA","252104-0","Indexing Swivel Hook Assembly\nConsisting of the Following:\n(1) 16611 Hook\n(1) 6513   Shank",42,16.8,{"$f":"A72*F72","v":0},1.3,{"$f":"A72*H72","v":0}]
[null,"EA","252101-0","Star Wheel Swivel Hook Assembly\nConsisting of the Following:\n(1) 16164 Hook\n(1) 6513  Shank",49,19.600000000000001,{"$f":"A73*F73","v":0},2,{"$f":"A73*H73","v":0}]
[]
[null,null,null,"P&F Pusher Dogs"]
[null,"EA","9541-0","X-348 Push Across Side Link Pusher",42,{"$f":"ROUND((E76*$F$6),2)","v":16.8},{"$f":"A76*F76","v":0},0.52,{"$f":"A76*H76","v":0}]
[]
[null,"EA","BA3.13","Assemble Pusher Dog to Chain  (Add per FOOT of Chain Strand Length)",5.6,2.2400000000000002,{"$f":"A78*F78","v":0},null,{"$f":"A78*H78","v":0}]
[]
[{"$f":"SUM(A81:A81)","v":0},null,null,"Hand Pushed Trolleys"]
[null,"EA","9792-0","Hand Pushed Trolley Assembly 500.0 lb. Capacity (FCA Carlisle, SC)\n(For use with 3\" & 4\" I-Beams)",190,76,{"$f":"A81*F81","v":0},9,{"$f":"A81*H81","v":0}]
[{"$f":"A83","v":0}]
[{"$f":"A84","v":0},null,null,"Track "]
[null,"EA","18264-0","3” I-Beam, 1045 High Carbon Rail (Section Length: 240”) \nNote that rail comes unpainted with mill ends.",850,340,{"$f":"A84*F84","v":0},114,{"$f":"A84*H84","v":0}]
[{"$f":"A84","v":0},null,{"$f":"(A84)*20","v":0},"Feet Total Track Length"]
[{"$f":"A87","v":0}]
[{"$f":"A90+A94+A96+A88+A92","v":0},null,null,"Drive Assemblies - 2,000 lb\n"]
[null,"EA","947233-0","UniFrame X-348 Rotary Constant Speed Caterpillar Drive Assembly 2,000 LB Chain Pull Capacity c/w 0.75 HP, 230/460 Volt AC, TEFC Inverter Duty Gearmotor, 5:1 Turn-down Ratio, 460 Volt AC Brake and Limit Switch Overload Protection, Set @ 2-1/2\" Drop, Speed 5.4 FPM @ 60 HZ (Note: Drive is LESS controls. Brake to be wired separately when used with inverter.)",32000,12800,{"$f":"A88*F88","v":0},1482,{"$f":"A88*H88","v":0}]
[{"$f":"A90","v":0}]
[null,"EA","947159-0","UniFrame X-348 Rotary Constant Speed Caterpillar Drive Assembly 2,000 LB Chain Pull Capacity c/w 1.5 HP, 230/460 Volt AC, TEFC Inverter Duty Gearmotor, 5:1 Turn-down Ratio, 460 Volt AC Brake and Limit Switch Overload Protection, Set @ 2-1/2\" Drop, Speed 15.7 FPM @ 60 HZ (Note: Drive is LESS controls. Brake to be wired separately when used with inverter.)",32000,12800,{"$f":"A90*F90","v":0},1482,{"$f":"A90*H90","v":0}]
[{"$f":"A92","v":0}]
[null,"EA","947234-0","UniFrame X-348 Rotary Constant Speed Caterpillar Drive Assembly 2,000 LB Chain Pull Capacity c/w 3.0 HP, 230/460 Volt AC, TEFC Inverter Duty Gearmotor, 5:1 Turn-down Ratio, 460 Volt AC Brake and Limit Switch Overload Protection, Set @ 2-1/2\" Drop, Speed 30.5 FPM @ 60 HZ (Note: Drive is LESS controls. Brake to be wired separately when used with inverter.)",32000,{"$f":"ROUND((E92*$F$6),2)","v":12800},{"$f":"A92*F92","v":0},1482,{"$f":"A92*H92","v":0}]
[{"$f":"A94","v":0}]
[null,"EA","947158-0","UniFrame X-348 Rotary Constant Speed Caterpillar Drive Assembly 2,000 LB Chain Pull Capacity c/w 3.0 HP, 230/460 Volt AC, TEFC Inverter Duty Gearmotor, 5:1 Turn-down Ratio, 460 Volt AC Brake and Limit Switch Overload Protection, Set @ 2-1/2\" Drop, Speed 44.6 FPM @ 60 HZ (Note: Drive is LESS controls. Brake to be wired separately when used with inverter.)",32000,12800,{"$f":"A94*F94","v":0},1482,{"$f":"A94*H94","v":0}]
[{"$f":"A96","v":0}]
[null,"EA","947157-0","UniFrame X-348 Rotary Constant Speed Caterpillar Drive Assembly 2,000 LB Chain Pull Capacity c/w 5 HP, 230/460 Volt AC, TEFC Inverter Duty Gearmotor, 5:1 Turn-down Ratio, 460 Volt AC Brake and Limit Switch Overload Protection, Set @ 2-1/2\" Drop, Speed 63.0 FPM @ 60 HZ (Note: Drive is LESS controls. Brake to be wired separately when used with inverter.)",32000,12800,{"$f":"A96*F96","v":0},1482,{"$f":"A96*H96","v":0}]
[{"$f":"A98","v":0}]
[{"$f":"SUM(A99:A102)","v":0},null,null,"Take-up Assemblies"]
[null,"EA","9641-0","24” Radius x 180 Degree Roller Turn Spring Type Take-up Assembly, \n2-1/2” Drop  (8” Travel, 48” Spread)\n\n",8375,3350,{"$f":"A99*F99","v":0},577,{"$f":"A99*H99","v":0}]
[null,"EA","100871-0","24” Radius x 180 Degree Roller Turn Air Operated Take-up Assembly, \n2-1/2” Drop  (8” Travel, 48” Spread)\n\n",8375,3350,{"$f":"A100*F100","v":0},568,{"$f":"A100*H100","v":0}]
[null,"EA","9643-0","36” Radius x 180 Degree Roller Turn Spring Type Take-up Assembly, \n2-1/2” Drop  (8” Travel, 72” Spread)\n\n",10300,4120,{"$f":"A101*F101","v":0},759,{"$f":"A101*H101","v":0}]
[null,"EA","100873-0","36” Radius x 180 Degree Roller Turn Air Operated Take-up Assembly, \n2-1/2” Drop  (8” Travel, 72” Spread)\n\n",10300,4120,{"$f":"A102*F102","v":0},751,{"$f":"A102*H102","v":0}]
[{"$f":"A104","v":0}]
[{"$f":"SUM(A105:A113)","v":0},null,null,"Power Only Roller Turn Assemblies  "]
[null,"EA","9666-0","24\" Radius x 45 Degree Roller Turn, 2-1/2” Drop",1500,600,{"$f":"A105*F105","v":0},83,{"$f":"A105*H105","v":0}]
[null,"EA","9662-0","24\" Radius x 90 Degree Roller Turn, 2-1/2” Drop",2950,1180,{"$f":"A106*F106","v":0},110,{"$f":"A106*H106","v":0}]
[null,"EA","9660-0","24\" Radius x 180 Degree Roller Turn, 2-1/2” Drop",5840,2336,{"$f":"A107*F107","v":0},198,{"$f":"A107*H107","v":0}]
[]
[null,"EA","9686-0","36\" Radius x 45 Degree Roller Turn, 2-1/2” Drop",1730,692,{"$f":"A109*F109","v":0},98,{"$f":"A109*H109","v":0}]
[null,"EA","9682-0","36\" Radius x 90 Degree Roller Turn, 2-1/2” Drop",3530,1412,{"$f":"A110*F110","v":0},149,{"$f":"A110*H110","v":0}]
[null,"EA","9680-0","36\" Radius x 180 Degree Roller Turn, 2-1/2” Drop",7205,2882,{"$f":"A111*F111","v":0},278,{"$f":"A111*H111","v":0}]
[]
[null,"EA","212373-0","48\" Radius x 90 Degree Roller Turn, 2-1/2” Drop",4260,1704,{"$f":"A113*F113","v":0},185,{"$f":"A113*H113","v":0}]
[]
[null,null,null,"Roller Turn Rollers & Roller Turn Bolts"]
[null,"EA","16493-0","2 3/4\" DIA X 5/8\" Bore Ball Bearing Roller",47,{"$f":"ROUND((E116*$F$6),2)","v":18.8},{"$f":"A116*F116","v":0},2.56,{"$f":"A116*H116","v":0}]
[null,"EA","9624-0","5/8\" DIA X 3 1/2\" LG Hex Head Roller Turn Bolt, Grade 5",12,4.8,0,0.4,0]
[null,"EA","16487-0","5/8\" DIA X 3 1/2\" LG Hex Head Roller Turn Bolt, W/Grease Fitting,Grade 5, Drilled",26,10.4,0,0.37,0]
[]
[null,"EA","16490-0","2 13/16\" DIA X 5/8\" Bore Tapered Roller Bearing Heavy Duty Roller",85,34,0,3.5,0]
[null,"EA","10216-0","Dust Cap [Two (2) Units Required]",2.5499999999999998,1.02,0,0.03,0]
[{"$f":"A123","v":0}]
[{"$f":"SUM(A124:A128)","v":0},null,null,"Traction Wheel Assemblies"]
[null,"EA","330-36-090-R-2-0","36\" Pitch Diameter x 90 Degree Roller Bearing Traction Wheel  Assembly, 2-1/2” Drop",5788,2315.1999999999998,{"$f":"A124*F124","v":0},315,{"$f":"A124*H124","v":0}]
[null,"EA","330-36-180-R-2-0","36\" Pitch Diameter x 180 Degree Roller Bearing Traction Wheel Assembly, 2-1/2” Drop",5788,2315.1999999999998,{"$f":"A125*F125","v":0},301,{"$f":"A125*H125","v":0}]
[]
[null,"EA","330-48-090-R-2-0","48\" Pitch Diameter x 90 Degree Roller Bearing Traction Wheel  Assembly, 2-1/2” Drop",7400,2960,{"$f":"A127*F127","v":0},421,{"$f":"A127*H127","v":0}]
[null,"EA","330-48-180-R-2-0","48\" Pitch Diameter x 180 Degree Roller Bearing Traction Wheel Assembly, 2-1/2” Drop",7400,2960,{"$f":"A128*F128","v":0},404,{"$f":"A128*H128","v":0}]
[{"$f":"#REF!","v":{"$error":"#REF!"}}]
[null,"EA","330-36-090-C-2-0","36\" Pitch Diameter x 90 Degree Carbon Bushed Traction Wheel Assembly, 2-1/2” Drop (No Paint, Coated w/ Rust-Veto)",6788,2715.2,{"$f":"A130*F130","v":0},329,{"$f":"A130*H130","v":0}]
[null,"EA","330-36-180-C-2-0","36\" Pitch Diameter x 180 Degree Carbon Bushed Traction Wheel Assembly, 2-1/2” Drop (No Paint, Coated w/ Rust-Veto)",6788,2715.2,{"$f":"A131*F131","v":0},316,{"$f":"A131*H131","v":0}]
[]
[null,"EA","330-48-090-C-2-0","48\" Pitch Diameter x 90 Degree Carbon Bushed Traction Wheel Assembly, 2-1/2” Drop (No Paint, Coated w/ Rust-Veto)",7789,3115.6,{"$f":"A133*F133","v":0},435,{"$f":"A133*H133","v":0}]
[null,"EA","330-48-180-C-2-0","48\" Pitch Diameter x 180 Degree Carbon Bushed Traction Wheel Assembly, 2-1/2” Drop (No Paint, Coated w/ Rust-Veto)",7789,3115.6,{"$f":"A134*F134","v":0},418,{"$f":"A134*H134","v":0}]
[{"$f":"A136","v":0}]
[{"$f":"SUM(A137:A138)","v":0},null,null,"Vertical Curves"]
[null,"EA","17699-0","S3 96\" Radius x 30 Degree Single Vertical Curve",431,172.4,{"$f":"A137*F137","v":0},42.5,{"$f":"A137*H137","v":0}]
[null,"EA","17700-0","S3 96\" Radius x 45 Degree Single Vertical Curve",672,268.8,{"$f":"A138*F138","v":0},57,{"$f":"A138*H138","v":0}]
[{"$f":"A140","v":0}]
[{"$f":"SUM(A141:A142)","v":0},null,null,"Power Only Anti-Backup & Anti-Runaways"]
[null,"EA","8704-0","S3 Anti-Back-up",300,120,{"$f":"A141*F141","v":0},13,{"$f":"A141*H141","v":0}]
[null,"EA","10717-0","S3 Anti-Runaway (Less Limit Switch)",1272,508.8,{"$f":"A142*F142","v":0},7.61,0]
[null,"EA","16787-0","S3 Anti-Runaway (With Limit Switch)",1861,{"$f":"ROUND((E143*$F$6),2)","v":744.4},{"$f":"A143*F143","v":0},10,{"$f":"A143*H143","v":0}]
[{"$f":"A145","v":0}]
[{"$f":"A146","v":0},null,null,"Expansion Joints"]
[null,"EA","147174-0","S3 Oven Expansion Joint 3/8\" Travel (Unit Length: 36\") (No Paint, Coated w/ Rust-Veto)",1024,409.6,{"$f":"A146*F146","v":0},22,{"$f":"A146*H146","v":0}]
[{"$f":"A148","v":0}]
[{"$f":"SUM(A149:A158)","v":0},null,null,"Additional Components"]
[null,"EA","Special #1",null,0,0,{"$f":"A149*F149","v":0},0,0]
[null,"EA","Special #2",null,0,0,{"$f":"A150*F150","v":0},0,0]
[null,"EA","Special #3",null,0,0,0,0,0]
[null,"EA","Special #4",null,0,0,0,0,0]
[null,"EA","Special #5",null,0,0,0,0,0]
[null,"EA","Special #6",null,0,0,0,0,0]
[null,"EA","Special #7",null,0,0,0,0,0]
[null,"EA","Special #8",null,0,0,0,0,0]
[null,"EA","Special #9",null,0,0,0,0,0]
[null,"EA","Special #10",null,0,0,0,0,0]
[1,null,"Pricing based upon Unibeam™ list dated June 8, 2026.",null,null,"Total Net Lot:",{"$f":"SUM(G13:G158)","v":0},"Weight Parts:",{"$f":"SUM(I83:I158)","v":0}]
[1,null,null,null,null,null,null,"Weight Chain:",{"$f":"SUM(I14:I81)","v":0}]

{"sheet":"X-348 Spare Parts","index":1,"n_rows":89,"n_cols":9,"rows_kept":89,"cut":false,"hidden":false,"merged":[[1,5,1,6],[87,2,87,3]]}
["3\" Unibeam™ Spare Parts Pricing Program"]
[null,null,"Proposal Number:",null,"Date:",{"$f":"NOW()","v":"2026-06-26T10:45:45.310"}]
[null,null,"Customer:"]
[null,null,"Customer Location:"]
[null,null,"End User:"]
[null,null,"End User Location:",null,"Multiplier:",0.4]
[null,null,"Project:"]
["Quantity",null,"Part Number","Description","Unit List Price","Unit Net Price","Total Net","Unit Weight","Total Weight"]
[">0"]
["<0"]
[]
["Quantity","EA","Part Number","Description","Unit List Price","Unit Net Price","Total Net","Unit Weight","Total Weight"]
[{"$f":"SUM(A14:A25)","v":0},null,null,"1,000 LB Drive Spare Parts\n"]
[null,"EA","947362-0","12-Tooth Drive Sprocket,  1-7/8\" Bore",1294,{"$f":"ROUND((E14*$F$6),2)","v":517.6},{"$f":"A14*F14","v":0},5,{"$f":"A14*H14","v":0}]
[null,"EA","947354-0","Take Up Shaft & Sprocket Assembly\n",1817,{"$f":"ROUND((E15*$F$6),2)","v":726.8},{"$f":"A15*F15","v":0},6.1,{"$f":"A15*H15","v":0}]
[null,"EA","947363-0","12-Tooth, Take-up Sprocket,  1-7/8\" Bore",1112,{"$f":"ROUND((E16*$F$6),2)","v":444.8},0,6.1,0]
[null,"EA","947358-0","X-348 Caterpillar Chain Assembly (108\" Long w/ Dogs on 12\" C/C)",2581,{"$f":"ROUND((E17*$F$6),2)","v":1032.4000000000001},0,84,0]
[null,"EA","100371-0","Drive Back-up Bar\n",1300,520,0,28,0]
[null,"EA","10694-0","Back-up Bar Stud [Two (2) Units Required]",67,26.8,0,1.6,0]
[null,"EA","56576-0","1-1/4\" - 7 UNC Hex Jam Nut, Grade 2 [Four (4) Units Required]",5.25,2.1,0,0.4,0]
[null,"EA","8200-0","Compression Spring",280,112,0,8.8000000000000007,0]
[null,"EA","16493-0","Roller Turn Roller W/ 5/8\" DIA Bore X 2-3/16\" High [Seven (7) Units Required]",47,18.8,0,2.56,0]
[null,"EA","9624-0","5/8\" DIA X 3-1/2\" LG Roller Turn Roller Bolt [Seven (7) Units Required]",12,4.8,0,0.4,0]
[null,"EA","56567-0","5/8\" - 11 UNC Hex Jam Nut [Seven (7) Units Required]",1.3,{"$f":"ROUND((E24*$F$6),2)","v":0.52},0,0.05,0]
[null,"EA","57015-0","5/8\" Shake-proof Washer [Seven (7) Units Required]",0.3,0.12,0,0.08,0]
[]
[{"$f":"#REF!","v":{"$error":"#REF!"}},null,null,"2,000 LB Drive Spare Parts\n"]
[null,"EA","6671-0","19-Tooth, RC160 Drive Sprocket\n",1100,440,{"$f":"A28*F28","v":0},44.3,{"$f":"A28*H28","v":0}]
[null,"EA","264391-0","Take Up Shaft & Sprocket Assembly\n",4200,1680,0,44,0]
[null,"EA","264390-0","19-Tooth, RC-160 Take-up Sprocket w/ Bearings & Shaft\n",1112,{"$f":"ROUND((E30*$F$6),2)","v":444.8},{"$f":"A30*F30","v":0},28,{"$f":"A30*H30","v":0}]
[null,"EA","8388-0","X-348 Caterpillar Chain Assembly (120\" Long w/ Dogs on 12\" C/C)",1765,{"$f":"ROUND((E31*$F$6),2)","v":706},0,84,0]
[null,"EA","100371-0","Drive Back-up Bar\n",1300,520,0,28,0]
[null,"EA","10694-0","Back-up Bar Stud [Two (2) Units Required]",67,26.8,0,1.6,0]
[null,"EA","56576-0","1-1/4\" - 7 UNC Hex Jam Nut, Grade 2 [Four (4) Units Required]",5.25,2.1,0,0.4,0]
[null,"EA","8202-0","Compression Spring",334,133.6,0,8.8000000000000007,0]
[null,"EA","16493-0","Roller Turn Roller W/ 5/8\" DIA Bore X 2-3/16\" High [Seven (7) Units Required]",47,18.8,0,2.56,0]
[null,"EA","9624-0","5/8\" DIA X 3-1/2\" LG Roller Turn Roller Bolt [Seven (7) Units Required]",12,4.8,0,0.4,0]
[null,"EA","56567-0","5/8\" - 11 UNC Hex Jam Nut [Seven (7) Units Required]",1.3,0.52,0,0.05,0]
[null,"EA","57015-0","5/8\" Shake-proof Washer [Seven (7) Units Required]",0.3,0.12,0,0.08,0]
[{"$f":"A41","v":0}]
[{"$f":"SUM(A42:A46)","v":0},null,null,"Drive Gearmotors - 1,000 LB"]
[null,"EA","947375-0","0.5 HP, TEFC, Inverter Duty Gearmotor, 460 Volt, 3 PH, 60 HZ, 641:1 Ratio c/w 480 Volt Brake, for use with 1,000 LB Drive #947385, 5.3 FPM","POR",null,null,103,{"$f":"A42*H42","v":0}]
[null,"EA","947374-0","1.5 HP, TEFC, Inverter Duty Gearmotor,460 Volt, 3 PH, 60 HZ, 231:1 Ratio c/w 480 Volt Brake, for use with 1,000 LB Drive #947384, 15.1 FPM","POR",null,null,132,0]
[null,"EA","947373-0","1.5 HP, TEFC, Inverter Duty Gearmotor, 460 Volt, 3 PH, 60 HZ, 109.04:1 Ratio c/w 480 Volt Brake, for use with 1,000 LB Drive #947383, 31.9 FPM","POR",null,null,114,0]
[null,"EA","947372-0","2.0 HP, TEFC, Inverter Duty Gearmotor, 460 Volt, 3 PH, 60 HZ, 79.76:1 Ratio c/w 480 Volt Brake, for use with 1,000 LB Drive #947382, 43.6 FPM","POR",null,null,121,0]
[null,"EA","947371-0","3.0 HP, TEFC, Inverter Duty Gearmotor, 460 Volt, 3 PH, 60 HZ, 53.73:1 Ratio c/w 480 Volt Brake, for use with 1,000 LB Drive #947381, 64.6 FPM","POR",null,null,143,0]
[]
[{"$f":"#REF!","v":{"$error":"#REF!"}},null,null,"Drive Gearmotors - 2,000 LB"]
[null,"EA","947203-0","0.75 HP, TEFC, Inverter Duty Gearmotor, 460 Volt, 3 PH, 60 HZ, 988:1 Ratio c/w 480 Volt Brake, for use with 2,000 LB Drive #947233, 5.4 FPM","POR",null,null,259,{"$f":"A49*H49","v":0}]
[null,"EA","947125-0","1.5 HP, TEFC, Inverter Duty Gearmotor, 460 Volt, 3 PH, 60 HZ, 350:1 Ratio c/w 480 Volt Brake, for use with 2,000 LB Drive #947159, 15.7 FPM","POR",null,null,254,{"$f":"A50*H50","v":0}]
[null,"EA","947204-0","3.0 HP, TEFC, Inverter Duty Gearmotor, 460 Volt, 3 PH, 60 HZ, 179.97:1 Ratio c/w 480 Volt Brake, for use with 2,000 LB Drive #947234, 30.5 FPM","POR",null,null,283,{"$f":"A51*H51","v":0}]
[null,"EA","947124-0","3.0 HP, TEFC, Inverter Duty Gearmotor, 460 Volt, 3 PH, 60 HZ, 123.29:1 Ratio c/w 480 Volt Brake, for use with 2,000 LB Drive #947158, 44.6 FPM","POR",null,null,286,{"$f":"A52*H52","v":0}]
[null,"EA","947122-0","5.0 HP, TEFC, Inverter Duty Gearmotor, 460 Volt, 3 PH, 60 HZ, 88.01:1 Ratio c/w 480 Volt Brake, for use with 2,000 LB Drive #947157, 63.0 FPM","POR",null,null,296,{"$f":"A53*H53","v":0}]
[{"$f":"A55","v":0}]
[{"$f":"SUM(A56:A62)","v":0},null,null,"Take-up Assemblies"]
[null,"EA","222870-0","4\" Bore X 8\" Stroke Air Cylinder",1694,{"$f":"ROUND((E56*$F$6),2)","v":677.6},{"$f":"A56*F56","v":0},14.5,{"$f":"A56*H56","v":0}]
[null,"EA","16493-0","Roller Turn Roller W/ 5/8\" DIA Bore X 2-3/16\" High",47,{"$f":"ROUND((E57*$F$6),2)","v":18.8},{"$f":"A57*F57","v":0},2.56,0]
[null,"EA","9624-0","5/8\" DIA X  3-1/2\" LG Roller Turn Roller Bolt",12,4.8,0,0.4,0]
[null,"EA","56567-0","5/8\" - 11 UNC Hex Jam Nut",1.3,{"$f":"ROUND((E59*$F$6),2)","v":0.52},0,0.05,0]
[null,"EA","57015-0","5/8\" Shake-proof Washer",0.3,0.12,0,0.08,0]
[null,"EA","264198-0","Cup for Tapered Roller Bearing\n[Used in Traction Wheel Take-ups [Two (2) Units Required]",136,54.4,0,1.5,0]
[null,"EA","264199-0","Cone for Tapered Roller Bearing\n[Used in Traction Wheel Take-ups [Two (2) Units Required]",200,80,0,1.5,0]
[{"$f":"A64","v":0}]
[{"$f":"SUM(A65:A68)","v":0},null,null,"Roller Turn Assemblies"]
[null,"EA","16493-0","Roller Turn Roller 5/8\" DIA Bore X 2-3/16\" Height",47,{"$f":"ROUND((E65*$F$6),2)","v":18.8},{"$f":"A65*F65","v":0},2.56,{"$f":"A65*H65","v":0}]
[null,"EA","9624-0","5/8\" DIA X 3-1/2\" LG Roller Turn Roller Bolt",12,4.8,{"$f":"A66*F66","v":0},0.4,{"$f":"A66*H66","v":0}]
[null,"EA","56567-0","5/8\" - 11 UNC Hex Jam Nut",1.3,0.52,{"$f":"A67*F67","v":0},0.05,{"$f":"A67*H67","v":0}]
[null,"EA","57015-0","5/8\" Shake-proof Washer",0.3,0.12,{"$f":"A68*F68","v":0},0.08,{"$f":"A68*H68","v":0}]
[{"$f":"A70","v":0}]
[{"$f":"SUM(A71:A75)","v":0},null,null,"Traction Wheel Assemblies"]
[null,"EA","264198-0","Cup for Tapered Roller Bearing\n[Used in Roller Bearing Traction Wheels, (2) Units Required]",136,{"$f":"ROUND((E71*$F$6),2)","v":54.4},{"$f":"A71*F71","v":0},1.5,{"$f":"A71*H71","v":0}]
[null,"EA","264199-0","Cone for Tapered Roller Bearing\n[Used in Roller Bearing Traction Wheels, (2) Units Required]",200,80,{"$f":"A72*F72","v":0},1.5,{"$f":"A72*H72","v":0}]
[null,"EA","9985-0","Gasket, 1/32\" Thick\n[Used in Roller Bearing  Traction Wheels, (1) Unit Required]",5.5,2.2000000000000002,{"$f":"A73*F73","v":0},0.3,{"$f":"A73*H73","v":0}]
[null,"EA","6610-0","Cooper Washer\n[Used in Carbon Bushed Traction Wheels, (1) Unit Required]",345,138,{"$f":"A74*F74","v":0},1.1000000000000001,{"$f":"A74*H74","v":0}]
[null,"EA","264289-0","Carbon Bushing\n[Used in Carbon Bushed Traction Wheels, (1) Unit Required]",2100,{"$f":"ROUND((E75*$F$6),2)","v":840},{"$f":"A75*F75","v":0},3.5,{"$f":"A75*H75","v":0}]
[{"$f":"A77","v":0}]
[{"$f":"SUM(A78:A87)","v":0},null,null,"Additional Components"]
[null,"EA","Special #1",null,0,{"$f":"ROUND((E78*$F$6),2)","v":0},{"$f":"A78*F78","v":0},0,{"$f":"A78*H78","v":0}]
[null,"EA","Special #2",null,0,0,{"$f":"A79*F79","v":0},0,0]
[null,"EA","Special #3",null,0,0,0,0,0]
[null,"EA","Special #4",null,0,0,0,0,0]
[null,"EA","Special #5",null,0,0,0,0,0]
[null,"EA","Special #6",null,0,0,0,0,0]
[null,"EA","Special #7",null,0,0,0,0,0]
[null,"EA","Special #8",null,0,0,0,0,0]
[null,"EA","Special #9",null,0,0,0,0,0]
[null,"EA","Special #10",null,0,0,0,0,0]
[1,null,"Pricing based upon Unibeam™ list dated June, 8, 2026.",null,null,"Total Net Lot:",{"$f":"SUM(G13:G87)","v":0},"Weight:",{"$f":"SUM(I14:I87)","v":0}]
[1]